000 00390nam a22001457a 4500
005 20200608105417.0
008 200608b xxu||||| |||| 00| 0 eng d
082 _a345.4
110 _aALL INDIA REPORTER
_95853
245 _aALL INDIA REPORTER , 2008 (V-95) CHHATISGARH SECTION
260 _aMUMBAI
_bALL INDIA REPORTER, PVT . LTD.
300 _a192;p
650 _aLAW
_95701
942 _cJRL
999 _c6917
_d6915